Les clubs ayant participé à la ligue des champions 2025/2026 - Statistiques

Statistiques générales
  • Ce quiz a été pris 42 fois
  • Le résultat moyen est 21 sur 36
Statistiques - réponses
Hint Réponse % Correct
Espagne Barcelone
97%
Real Madrid
97%
France Paris Saint-Germain
76%
Allemagne Bayern Munich
73%
Dortmund
73%
Liverpool
73%
Angleterre Manchester City
73%
Marseille
73%
Monaco
73%
Chelsea
70%
Inter Milan
70%
Italie Naples
70%
Portugal SL Benfica
70%
Ajax Amsterdam
68%
Arsenal
68%
Pays-bas PSV
65%
Athlético de Bilbao
62%
Bayer Leverkusen
62%
Norvege Bodo Glimt
62%
Juventus
62%
Sporting
62%
Atalanta
59%
Tottenham
59%
Villarreal
59%
Turquie Galatasaray
57%
Newcastle
57%
Club Brugge
51%
Tchéquie Slavia Prague
51%
Danemark Fc Copenhague
49%
Azerbaïdjan Qarabag
43%
Atlético de Madrid
41%
Chypre Pafos
38%
Eintracht Francfort
22%
Kazakhstan Kairat Almaty
19%
Grèce Olympiacos
11%
Belgique Royale union SG
3%
Aucun quiz correspondant
Distribution des résultats
% des personnes avec chaque résultat
Percentile par nombre de réponses
Votre historique - résultats
Vous n’avez pas pris ce quiz